مكتبة جامعة عجلون الوطنية

فهرس بحث المكتبة

Normal view MARC view
  • مفهوم الذات -- اضطرابات النطق

Entry Topical Term

Number of records used in: 1

001 - CONTROL NUMBER

  • control field: 52234

003 - CONTROL NUMBER IDENTIFIER

  • control field: JO-AjAnu

005 - DATE AND TIME OF LATEST TRANSACTION

  • control field: 20230606082604.0

008 - FIXED-LENGTH DATA ELEMENTS

  • fixed length control field: 230606|| aca||aabn | a|a d

040 ## - CATALOGING SOURCE

  • Original cataloging agency: JO-AjAnu
  • Transcribing agency: JO-AjAnu

150 ## - HEADING--TOPICAL TERM

  • Topical term or geographic name entry element: مفهوم الذات -- اضطرابات النطق

670 ## - SOURCE DATA FOUND

  • Source citation: Work cat.: (JO-AjAnu)26694: إعداد نمر خليف محمد حراحشة؛ إشراف سعيد رشيد عبد الرحمن الأعظمي, author 52233, فاعلية برنامج تدريبي في تحسين الطلاقة اللفظية ومفهوم الذات وخفض الانسحاب الاجتماعي لدى الطلبة المتأتئين في عينه أردنية